| 000 | 00939cam a2200169 4500500 | ||
|---|---|---|---|
| 005 | 20260322003420.0 | ||
| 041 | _afre | ||
| 042 | _adc | ||
| 100 | 1 | 0 |
_aBonhommet, Julie _eauthor |
| 700 | 1 | 0 |
_aDoineau, Emmanuelle _eauthor |
| 245 | 0 | 0 | _aA therapeutic tool for perpetrators of domestic violence: The cycle of domestic violence |
| 260 | _c2025. | ||
| 500 | _a14 | ||
| 520 | _aThe cycle of domestic violence (Walker’s model) is a key tool in our clinical practice with perpetrators of domestic violence. We describe how we use it as a therapeutic support in group sessions, in a simple format, using video support and role-playing. It facilitates the identification of violent issues in the subject and helps to make the perpetrators of violence more accountable. | ||
| 786 | 0 | _nEmpan | 140 | 4 | 2025-11-25 | p. 124-133 | 1152-3336 | |
| 856 | 4 | 1 | _uhttps://shs.cairn.info/journal-empan-2025-4-page-124?lang=en&redirect-ssocas=7080 |
| 999 |
_c1731844 _d1731844 |
||